Vincitori Serie A - Morte improvvisa - Statistics

Statistiche generali
  • Questo quiz è stato fatto 3.062 volte
  • Il punteggio medio è 11 su 16
Answers on the Grid
Answers color-coded by a green-red scale on the quiz's grid according to % correct below.
Juventus
Torino
Napoli
Fiorentina
Lazio
Cagliari
Casale
Pro Vercelli
Sampdoria
Inter
Hellas Verona
Atalanta
Udinese
Milan
Roma
Bari
Vicenza
Palermo
Parma
Triestina
Novese
Brescia
SPAL
Bologna
Lecce
Livorno
Catania
Genoa
Vado
Savoia
 
Statistiche sulle risposte
Risposta % Corretto
Juventus
85%
Inter
83%
Milan
82%
Napoli
82%
Roma
82%
Lazio
78%
Torino
75%
Genoa
73%
Pro Vercelli
68%
Sampdoria
67%
Fiorentina
66%
Bologna
64%
Cagliari
56%
Hellas Verona
56%
Casale
38%
Novese
27%
Nessun quiz corrispondente trovato
Distribuzione punteggi
Percentuale di utenti per punteggio
Percentile per numero di risposta
I tuoi punteggi nel tempo
Non hai fatto questo quiz